| 000 | 01627cam a2200385Ii 4500 | ||
|---|---|---|---|
| 001 | fouragainstbanko00huxl | ||
| 003 | CaSfIA | ||
| 005 | 20210118084309.0 | ||
| 007 | cr|||| | ||
| 008 | 801205r19801969nyuaf b 001 0deng d | ||
| 010 | _a 80082216 | ||
| 040 |
_aMDB _cMDB _dOCL _dOCLCQ _dOCLCG _dCaSfIA |
||
| 020 |
_a087216750X (pbk.) : _c$2.50 |
||
| 020 | _a9780872167506 (pbk.) | ||
| 035 | _a(OCoLC)7002255 | ||
| 043 | _ae-uk--- | ||
| 082 | 0 | 4 |
_a364.16/3/09421 _219 |
| 090 |
_aHV6685.G7 _bH88 1980 |
||
| 100 | 1 |
_aHuxley, Ann, _d1922- |
|
| 245 | 1 | 0 |
_aFour against the Bank of England / _h[electronic resource] _cAnn Huxley. |
| 260 |
_aNew York : _bPlayboy Paperbacks, _c1980, c1969. |
||
| 300 |
_a224 p., [8] leaves of plates : _bill. ; _c18 cm. |
||
| 504 | _aIncludes bibliographical references (p. 218-219) and index. | ||
| 650 | 0 |
_aForgery _zGreat Britain _vCase studies. |
|
| 610 | 2 | 0 | _aBank of England. |
| 600 | 1 | 0 | _aBidwell, Austin Biron. |
| 600 | 1 | 0 |
_aBidwell, George, _dd. 1899. |
| 600 | 1 | 0 | _aNoyes, Edwin. |
| 600 | 1 | 0 | _aMacdonnell, George. |
| 856 | 4 | 1 |
_uhttp://www.archive.org/details/fouragainstbanko00huxl _zFree eBook from the Internet Archive |
| 856 | 4 | 2 |
_uhttp://www.openlibrary.org/books/OL24588808M _zAdditional information and access via Open Library |
| 942 | _cEB | ||
| 506 | _fНеобхідна авторизація на https://archive.org/ (створення облікового запису безкоштовно) | ||
| 506 | _fНеобхідна авторизація на https://openlibrary.org/ (створення облікового запису безкоштовно) | ||
| 999 |
_c498398 _d498398 |
||